smallest Middle East countries - Statistics

General Stats
  • This quiz has been taken 38 times
  • The average score is 4 of 7
Answer Stats
Answer % Correct
Bahrain
100%
Qatar
65%
Kuwait
61%
Cyprus
58%
Lebanon
55%
Israel
45%
United Arab Emirates
42%
No matching quizzes found
Score Distribution
Percent of People with Each Score
Percentile by Number Answered
Your Score History
You have not taken this quiz